000 00444nam a2200169 a 4500
001 0000-8986
003 ELIB.Books
008 110520 1993
035 _a(ELIB.Books)0000-9135
082 _a266
_bSan
100 _aSanneh, Lamin
245 _aTranslating the Message the Missionary Impact on Culture
260 _bMaryknoll: Orbis Books
_c1993
650 _aMission
942 _2ddc
_cBK
998 _cbat
_e2011-05-20
999 _c8986
_d8986